Vizi capitali - Statistics

Statistiche generali
  • Questo quiz è stato fatto 38 volte
  • Il punteggio medio è 5 su 7
Statistiche sulle risposte
Vizio % Corretto
Lussuria
94%
Gola
88%
Accidia
72%
Avarizia
72%
Ira
72%
Invidia
69%
Superbia
56%
Nessun quiz corrispondente trovato
Distribuzione punteggi
Percentuale di utenti per punteggio
Percentile per numero di risposta
I tuoi punteggi nel tempo
Non hai fatto questo quiz